Guide to economic laws of Japan
Đã lưu trong:
| Institution som forfatter: | |
|---|---|
| Format: | Bog |
| Sprog: | Undetermined |
| Udgivet: |
Tokyo
Kobunsha Co.
1950
|
| Fag: | |
| Tags: |
Tilføj Tag
Ingen Tags, Vær først til at tagge denne postø!
|
| Thư viện lưu trữ: | Trung tâm Học liệu Trường Đại học Cần Thơ |
|---|
| LEADER | 00564nam a2200193Ia 4500 | ||
|---|---|---|---|
| 001 | CTU_86375 | ||
| 008 | 210402s9999 xx 000 0 und d | ||
| 082 | |a 343.52 | ||
| 082 | |b F491 | ||
| 110 | |a Financial Commissioner's Office, Ministry of Finance. | ||
| 245 | 0 | |a Guide to economic laws of Japan | |
| 245 | 0 | |c Financial Commissioner's Office, Ministry of Finance. | |
| 260 | |a Tokyo | ||
| 260 | |b Kobunsha Co. | ||
| 260 | |c 1950 | ||
| 650 | |a Corporation law | ||
| 650 | |z Japan | ||
| 904 | |i Năm | ||
| 980 | |a Trung tâm Học liệu Trường Đại học Cần Thơ | ||